Father Ted Episodes - Statistics

General Stats
  • This quiz has been taken 141 times
  • The average score is 14 of 25
Answer Stats
Answer % Correct
Going to America
82%
Speed 3
81%
A Christmassy Ted
79%
Kicking Bishop Brennan up the Arse
77%
Good Luck, Father Ted
75%
Hell
70%
The Mainland
67%
Are You Right There Father Ted?
66%
Entertaining Father Stone
63%
The Plague
63%
Chirpy Burpy Cheap Sheep
60%
And God Created Woman
58%
A Song for Europe
56%
Cigarettes and Alcohol and Rollerblading
56%
Flight into Terror
49%
Grant Unto Him Eternal Rest
49%
New Jack City
45%
Night of the Nearly Dead
45%
The Passion of Saint Tibulus
45%
Old Grey Whistle Theft
44%
Escape from Victory
41%
Competition Time
40%
Rock a Hula Ted
37%
Tentacles of Doom
36%
Think Fast Father Ted
33%
No matching quizzes found
Score Distribution
Percent of People with Each Score
Percentile by Number Answered
Your Score History
You have not taken this quiz